000 00414nam a2200181Ia 4500
001 24031
005 20260414151016.0
008 260414t2006||||xx |||||||||||||| ||spa||
041 _aESP
082 _a751.426
_bR73
100 _aRodwell, Jenny
_eAUT
245 0 _aLa pintura acrílica
_b
260 _c2006
300 _a128 páginas :
_ccm.
650 _aABD
654 _aCAU
942 _cLIB
_dJUS
_fJUS
_2ddc
_n
999 _c24031
_d24031